LEADER 01635nam 2200397Ia 450 001 9910698846403321 005 20090518153522.0 035 $a(CKB)5470000002397402 035 $a(OCoLC)325132009 035 $a(EXLCZ)995470000002397402 100 $a20090518d2002 ua 0 101 0 $aeng 135 $auran||||||||| 181 $ctxt$2rdacontent 182 $cc$2rdamedia 183 $acr$2rdacarrier 200 00$aGuidance for industry$b[electronic resource] $erevised preventive measures to reduce the possible risk of transmission of Creutzfeldt-Jakob disease (CJD) and variant Creutzfeldt-Jakob disease (vCJD) by blood and blood products 210 1$aRockville, MD :$cU.S. Dept. of Health and Human Services, Food and Drug Administration, Center for Biologics Evaluation and Research,$d[2002] 215 $ai, 33 pages $cdigital, PDF file 300 $aTitle from PDF title page (viewed on May 18, 2009). 300 $a"January 2002". 300 $aIncludes bibliographical references (p. 27-28). 517 $aGuidance for industry 606 $aCreutzfeldt-Jakob disease$zUnited States$xPrevention 606 $aBlood$xTransfusion$xGovernment policy$zUnited States 606 $aBlood products$xGovernment policy$zUnited States 615 0$aCreutzfeldt-Jakob disease$xPrevention. 615 0$aBlood$xTransfusion$xGovernment policy 615 0$aBlood products$xGovernment policy 712 02$aCenter for Biologics Evaluation and Research (U.S.) 801 0$bGPO 801 1$bGPO 906 $aBOOK 912 $a9910698846403321 996 $aGuidance for industry$93434577 997 $aUNINA LEADER 01221nam 2200337zu 450 001 9911015753803321 005 20250212124907.0 035 $a(CKB)37499576400041 035 $a(EXLCZ)9937499576400041 100 $a20250212|2023uuuu || | 101 0 $aEng 135 $aur||||||||||| 200 10$aStorytelling and identity construction in US political discourse /$fNicoletta Vasta 210 $cForum Editrice Universitaria Udinese$d2023 311 08$a9788832834017 311 08$a8832834014 606 $aCommunication in politics$zUnited States 606 $aStorytelling$xPolitical aspects$zUnited States 606 $aRhetoric$xPolitical aspects$zUnited States 606 $aEnglish language$zUnited States$xDiscourse analysis 606 $aEnglish language$zUnited States$xRhetoric 615 0$aCommunication in politics 615 0$aStorytelling$xPolitical aspects 615 0$aRhetoric$xPolitical aspects 615 0$aEnglish language$xDiscourse analysis. 615 0$aEnglish language$xRhetoric. 700 $aVasta$b Nicoletta$0798351 906 $aBOOK 912 $a9911015753803321 996 $aStorytelling and identity construction in US political discourse$94408996 997 $aUNINA